[Event "MSR_ch16"]
[Site "?"]
[Date "2024.04.12"]
[Round "9.20"]
[White "Nedeljak, Marek"]
[Black "Roman, Dominik"]
[Result "0-1"]
[BlackElo "1000"]
[WhiteElo "1505"]
[LiveChessVersion "1.4.8"]

1. d4 {[%clk 1:30:57]} f5 {[%clk 1:30:46]} 2. Bg5 {[%clk 1:31:21]} g6
{[%clk 1:31:03]} 3. h4 {[%clk 1:31:16]} Bg7 {[%clk 1:31:08]} 4. e3
{[%clk 1:30:24]} Nf6 {[%clk 1:31:26]} 5. Bxf6 {[%clk 1:30:46]} Bxf6
{[%clk 1:31:46]} 6. h5 {[%clk 1:30:01]} g5 {[%clk 1:31:10]} 7. Nc3
{[%clk 1:29:25]} b6 {[%clk 1:29:40]} 8. Nd5 {[%clk 1:29:01]} e6 {[%clk 1:28:24]}
9. Nxf6+ {[%clk 1:28:04]} Qxf6 {[%clk 1:28:44]} 10. Qf3 {[%clk 1:22:57]} d5
{[%clk 1:27:24]} 11. O-O-O {[%clk 1:20:21]} Nd7 {[%clk 1:26:34]} 12. Ne2
{[%clk 1:17:57]} Bb7 {[%clk 1:25:21]} 13. Qg3 {[%clk 1:17:12]} O-O-O
{[%clk 1:24:36]} 14. c4 {[%clk 1:15:53]} dxc4 {[%clk 1:22:42]} 15. Nc3
{[%clk 1:15:38]} e5 {[%clk 1:21:14]} 16. dxe5 {[%clk 1:14:41]} Nxe5
{[%clk 1:21:21]} 17. Rxd8+ {[%clk 1:14:41]} Rxd8 {[%clk 1:21:40]} 18. f4
{[%clk 1:14:40]} gxf4 {[%clk 1:21:45]} 19. exf4 {[%clk 1:14:31]} Nd3+
{[%clk 1:22:06]} 20. Bxd3 {[%clk 1:14:06]} cxd3 {[%clk 1:22:10]} 21. Rd1
{[%clk 1:12:02]} Qd6 {[%clk 1:21:47]} 22. Rd2 {[%clk 1:10:37]} c5
{[%clk 1:20:04]} 23. Nd1 {[%clk 1:07:49]} c4 {[%clk 1:19:54]} 24. Nf2
{[%clk 1:07:20]} Qe7 {[%clk 1:17:37]} 25. Nh3 {[%clk 1:05:26]} Re8
{[%clk 1:17:11]} 26. Kd1 {[%clk 1:05:23]} Qb4 {[%clk 1:15:10]} 27. Qf2
{[%clk 1:04:20]} c3 {[%clk 1:14:43]} 28. Rxd3 {[%clk 1:03:00]} cxb2
{[%clk 1:15:03]} 29. Qc2+ {[%clk 1:02:55]} Kb8 {[%clk 1:14:41]} 30. Rb3
{[%clk 1:02:28]} Qe1# 0-1

[Event "MSR_ch16"]
[Site "?"]
[Date "2024.04.12"]
[Round "9.21"]
[White "Kluska, Lukas"]
[Black "Bado, Samuel"]
[Result "1/2-1/2"]
[BlackElo "1556"]
[WhiteElo "1619"]
[LiveChessVersion "1.4.8"]

1. c4 {[%clk 1:30:55]} e5 {[%clk 1:30:24]} 2. Nc3 {[%clk 1:30:58]} Nf6
{[%clk 1:30:30]} 3. Nf3 {[%clk 1:31:06]} Nc6 {[%clk 1:30:40]} 4. e3
{[%clk 1:30:56]} Be7 {[%clk 1:30:17]} 5. Be2 {[%clk 1:30:16]} O-O
{[%clk 1:30:23]} 6. O-O {[%clk 1:30:16]} d6 {[%clk 1:29:15]} 7. d4
{[%clk 1:29:23]} exd4 {[%clk 1:27:29]} 8. exd4 {[%clk 1:29:20]} d5
{[%clk 1:26:13]} 9. cxd5 {[%clk 1:27:28]} Nxd5 {[%clk 1:26:20]} 10. Nxd5
{[%clk 1:27:35]} Qxd5 {[%clk 1:26:42]} 11. Be3 {[%clk 1:27:41]} Bf5
{[%clk 1:24:55]} 12. a3 {[%clk 1:22:40]} Rfe8 {[%clk 1:21:13]} 13. Rc1
{[%clk 1:16:52]} b5 {[%clk 1:16:55]} 14. a4 {[%clk 1:10:44]} a6 {[%clk 1:15:09]}
15. h3 {[%clk 1:06:25]} Be4 {[%clk 1:12:56]} 16. Bd3 {[%clk 0:57:51]} Bxd3
{[%clk 1:11:16]} 17. Qxd3 {[%clk 0:53:51]} h6 {[%clk 1:09:33]} 18. Qc3
{[%clk 0:51:20]} Nb4 {[%clk 1:05:06]} 19. Qxc7 {[%clk 0:48:40]} Bd8
{[%clk 1:01:34]} 20. Qg3 {[%clk 0:46:57]} Re6 {[%clk 0:56:50]} 21. Rc5
{[%clk 0:42:55]} Qb7 {[%clk 0:50:09]} 22. Rd1 {[%clk 0:33:56]} Nd5
{[%clk 0:45:23]} 23. Rd3 {[%clk 0:26:50]} Nxe3 {[%clk 0:42:46]} 24. Rxe3
{[%clk 0:26:18]} Rxe3 {[%clk 0:41:22]} 25. fxe3 {[%clk 0:26:38]} Rc8
{[%clk 0:40:07]} 26. Rxc8 {[%clk 0:22:49]} Qxc8 {[%clk 0:40:26]} 27. axb5
{[%clk 0:22:36]} axb5 {[%clk 0:39:52]} 28. Qe1 {[%clk 0:22:36]} Bb6
{[%clk 0:34:57]} 29. Qc3 {[%clk 0:21:34]} Qxc3 {[%clk 0:33:49]} 30. bxc3
{[%clk 0:21:42]} f6 {[%clk 0:33:30]} 31. Kf2 {[%clk 0:20:32]} 1/2-1/2

[Event "MSR_ch16"]
[Site "?"]
[Date "2024.04.12"]
[Round "9.22"]
[White "Horvath, Simon"]
[Black "Bartos, Andrej"]
[Result "0-1"]
[BlackElo "1000"]
[WhiteElo "1549"]
[LiveChessVersion "1.4.8"]

1. e4 {[%clk 1:30:57]} e6 {[%clk 1:30:55]} 2. d4 {[%clk 1:30:56]} d5
{[%clk 1:31:11]} 3. exd5 {[%clk 1:30:56]} exd5 {[%clk 1:31:31]} 4. Bd3
{[%clk 1:30:29]} Bd6 {[%clk 1:31:34]} 5. Nf3 {[%clk 1:29:07]} Bg4
{[%clk 1:31:31]} 6. O-O {[%clk 1:28:11]} Nf6 {[%clk 1:30:06]} 7. Re1+
{[%clk 1:26:43]} Be6 {[%clk 1:29:50]} 8. Bf5 {[%clk 1:23:42]} Qd7
{[%clk 1:28:25]} 9. Ng5 {[%clk 1:21:42]} O-O {[%clk 1:25:35]} 10. Rxe6
{[%clk 1:19:02]} Qd8 {[%clk 1:23:57]} 11. Re2 {[%clk 1:11:05]} Nbd7
{[%clk 1:21:59]} 12. Nc3 {[%clk 1:06:12]} c6 {[%clk 1:21:55]} 13. Qd3
{[%clk 1:04:27]} g6 {[%clk 1:19:23]} 14. Bh3 {[%clk 1:03:34]} Nh5
{[%clk 1:18:27]} 15. g3 {[%clk 1:01:54]} Ndf6 {[%clk 1:18:02]} 16. Na4
{[%clk 0:58:45]} Qc7 {[%clk 1:15:00]} 17. Nc5 {[%clk 0:47:47]} Rfe8
{[%clk 1:10:26]} 18. Bd2 {[%clk 0:43:26]} Rxe2 {[%clk 1:06:53]} 19. Qxe2
{[%clk 0:43:36]} Re8 {[%clk 1:05:59]} 20. Qd3 {[%clk 0:43:54]} b6
{[%clk 1:05:29]} 21. Nb3 {[%clk 0:42:44]} h6 {[%clk 0:58:33]} 22. Nf3
{[%clk 0:41:48]} Ne4 {[%clk 0:53:49]} 23. Ne5 {[%clk 0:37:48]} Kg7
{[%clk 0:41:29]} 24. Bf4 {[%clk 0:36:24]} f6 {[%clk 0:38:01]} 25. Ng4
{[%clk 0:34:40]} Nxf4 {[%clk 0:36:52]} 26. gxf4 {[%clk 0:34:15]} Bxf4
{[%clk 0:37:07]} 27. Re1 {[%clk 0:33:28]} h5 {[%clk 0:36:12]} 28. f3
{[%clk 0:30:23]} hxg4 {[%clk 0:35:05]} 29. Bxg4 {[%clk 0:30:19]} Bxh2+
{[%clk 0:34:30]} 30. Kg2 {[%clk 0:28:49]} Qg3+ {[%clk 0:33:45]} 31. Kf1
{[%clk 0:29:03]} Qf2# {[%clk 0:33:17]} 0-1

[Event "MSR_ch16"]
[Site "?"]
[Date "2024.04.12"]
[Round "9.23"]
[White "Cerven, Samuel"]
[Black "Gollner, Martin"]
[Result "0-1"]
[BlackElo "1982"]
[WhiteElo "1732"]
[LiveChessVersion "1.4.8"]

1. d4 {[%clk 1:30:56]} Nf6 {[%clk 1:30:51]} 2. c4 {[%clk 1:31:13]} c5
{[%clk 1:30:21]} 3. Nf3 {[%clk 1:26:51]} cxd4 {[%clk 1:30:23]} 4. Nxd4
{[%clk 1:26:20]} a6 {[%clk 1:29:53]} 5. Nc3 {[%clk 1:25:48]} e6 {[%clk 1:30:08]}
6. e4 {[%clk 1:24:54]} Qc7 {[%clk 1:30:29]} 7. Be2 {[%clk 1:23:08]} b6
{[%clk 1:30:26]} 8. b3 {[%clk 1:21:25]} Bb4 {[%clk 1:23:18]} 9. Bb2
{[%clk 1:21:31]} Nxe4 {[%clk 1:22:58]} 10. Qc2 {[%clk 1:21:46]} Bb7
{[%clk 1:22:07]} 11. O-O {[%clk 1:21:46]} Nf6 {[%clk 1:20:20]} 12. Bf3
{[%clk 1:19:12]} Nc6 {[%clk 1:18:01]} 13. Nde2 {[%clk 1:18:44]} Bd6
{[%clk 1:15:34]} 14. g3 {[%clk 1:15:46]} Nb4 {[%clk 1:12:59]} 0-1

[Event "MSR_ch16"]
[Site "?"]
[Date "2024.04.12"]
[Round "9.24"]
[White "Lehocky, Tomas"]
[Black "Geletka, Tomas"]
[Result "0-1"]
[BlackElo "1233"]
[WhiteElo "1000"]
[LiveChessVersion "1.4.8"]

1. e4 {[%clk 1:30:58]} e5 {[%clk 1:30:53]} 2. Nf3 {[%clk 1:31:18]} Nc6
{[%clk 1:31:15]} 3. Bc4 {[%clk 1:31:17]} f5 {[%clk 1:31:24]} 4. Nc3
{[%clk 1:31:06]} fxe4 {[%clk 1:31:43]} 5. Ng1 {[%clk 1:30:51]} Nf6
{[%clk 1:31:54]} 6. Nge2 {[%clk 1:29:55]} d5 {[%clk 1:31:27]} 7. Bb3
{[%clk 1:29:51]} Bc5 {[%clk 1:30:10]} 8. h3 {[%clk 1:28:18]} Be6 {[%clk 1:29:13]}
9. O-O {[%clk 1:26:56]} Qd7 {[%clk 1:29:09]} 10. Ba4 {[%clk 1:26:05]} Bxh3
{[%clk 1:22:46]} 11. gxh3 {[%clk 1:25:24]} Qxh3 {[%clk 1:21:09]} 12. Re1
{[%clk 1:22:48]} Bxf2+ {[%clk 1:21:45]} 13. Kxf2 {[%clk 1:23:02]} Ng4+
{[%clk 1:22:09]} 0-1

[Event "MSR_ch16"]
[Site "?"]
[Date "2024.04.12"]
[Round "9.25"]
[White "Valach, Alexander"]
[Black "Rerko, Milos"]
[Result "0-1"]
[BlackElo "1543"]
[WhiteElo "1000"]
[LiveChessVersion "1.4.8"]

1. e4 {[%clk 1:30:57]} e6 {[%clk 1:30:45]} 2. Nf3 {[%clk 1:31:21]} d5
{[%clk 1:30:55]} 3. e5 {[%clk 1:31:43]} c5 {[%clk 1:30:40]} 4. d4
{[%clk 1:32:04]} cxd4 {[%clk 1:31:00]} 5. Nxd4 {[%clk 1:32:29]} Nc6
{[%clk 1:30:32]} 6. Bb5 {[%clk 1:32:47]} Bd7 {[%clk 1:30:43]} 7. Nc3
{[%clk 1:32:51]} Nxe5 {[%clk 1:30:25]} 8. Bxd7+ {[%clk 1:33:12]} Qxd7
{[%clk 1:30:15]} 9. O-O {[%clk 1:33:09]} a6 {[%clk 1:29:29]} 10. Bf4
{[%clk 1:33:16]} Bd6 {[%clk 1:29:28]} 11. Be3 {[%clk 1:33:05]} Nf6
{[%clk 1:29:10]} 12. f4 {[%clk 1:33:10]} Neg4 {[%clk 1:28:44]} 13. Qe2
{[%clk 1:33:18]} O-O {[%clk 1:28:15]} 14. Nb3 {[%clk 1:33:27]} Qc7
{[%clk 1:27:38]} 15. h3 {[%clk 1:32:46]} Nxe3 {[%clk 1:27:10]} 16. Qxe3
{[%clk 1:33:06]} b5 {[%clk 1:26:07]} 17. Nd4 {[%clk 1:32:47]} Rfe8
{[%clk 1:24:24]} 18. Kh1 {[%clk 1:32:37]} Qb6 {[%clk 1:22:45]} 19. Qd3
{[%clk 1:32:23]} Qc7 {[%clk 1:20:31]} 20. a3 {[%clk 1:31:15]} Nh5
{[%clk 1:20:06]} 21. Nde2 {[%clk 1:30:39]} Nxf4 {[%clk 1:19:09]} 22. Nxf4
{[%clk 1:30:50]} Bxf4 {[%clk 1:19:27]} 23. Qf3 {[%clk 1:31:03]} Be5
{[%clk 1:17:02]} 24. Rf2 {[%clk 1:30:53]} Re7 {[%clk 1:15:32]} 25. Rb1
{[%clk 1:30:45]} Rc8 {[%clk 1:12:46]} 26. Nd1 {[%clk 1:30:42]} Bd4
{[%clk 1:11:29]} 27. Re2 {[%clk 1:30:54]} Rd7 {[%clk 1:10:17]} 28. Nf2
{[%clk 1:30:57]} e5 {[%clk 1:09:50]} 29. c3 {[%clk 1:30:43]} e4 {[%clk 1:08:41]}
30. Qf5 {[%clk 1:30:46]} g6 {[%clk 1:06:19]} 31. Qg4 {[%clk 1:30:40]} f5
{[%clk 1:05:43]} 32. Qg5 {[%clk 1:30:54]} Ba7 {[%clk 1:05:19]} 33. h4
{[%clk 1:31:07]} Bb8 {[%clk 1:05:18]} 34. Kg1 {[%clk 1:31:09]} Rg7
{[%clk 1:04:00]} 35. Rd1 {[%clk 1:30:14]} Qc6 {[%clk 1:03:08]} 36. Red2
{[%clk 1:30:23]} Rd7 {[%clk 1:02:02]} 37. h5 {[%clk 1:30:36]} Rcd8
{[%clk 0:59:32]} 38. g4 {[%clk 1:28:13]} Rf8 {[%clk 0:56:11]} 39. hxg6
{[%clk 1:27:48]} Qxg6 {[%clk 0:55:20]} 40. Qxg6+ {[%clk 1:27:22]} hxg6
{[%clk 0:55:39]} 41. Rxd5 {[%clk 1:27:33]} Rxd5 {[%clk 0:55:53]} 42. Rxd5
{[%clk 1:27:52]} Bg3 {[%clk 0:55:00]} 43. g5 {[%clk 1:27:35]} Bxf2+
{[%clk 0:54:30]} 44. Kxf2 {[%clk 1:27:43]} Re8 {[%clk 0:54:32]} 45. Ke3
{[%clk 1:28:01]} Kf7 {[%clk 0:54:29]} 46. Rd6 {[%clk 1:28:05]} a5
{[%clk 0:54:18]} 47. Rf6+ {[%clk 1:28:03]} Kg7 48. b3 Rd8 {[%clk 0:51:52]} 49.
Rc6 {[%clk 1:28:18]} Rd3+ {[%clk 0:52:07]} 50. Ke2 {[%clk 1:28:36]} f4
{[%clk 0:52:22]} 51. a4 {[%clk 1:28:03]} f3+ {[%clk 0:52:29]} 52. Kf2
{[%clk 1:28:04]} Rd2+ {[%clk 0:52:45]} 53. Ke1 {[%clk 1:28:00]} e3
{[%clk 0:52:18]} 54. axb5 {[%clk 1:27:33]} f2+ {[%clk 0:52:34]} 55. Kf1
{[%clk 1:27:49]} Rd1+ {[%clk 0:52:39]} 56. Ke2 {[%clk 1:28:07]} f1=Q+
{[%clk 0:52:56]} 57. Kxe3 {[%clk 1:28:08]} Rd3+ {[%clk 0:53:05]} 0-1